Southville International School and Colleges
Your cart is empty.
  • Cart
  • Lists
    Public lists Eva Luna New books Lux_list list_1
    Your lists Log in to create your own lists
  • Log in to your account
  • Your cookies
  • Search history
Southville International School and Colleges
  • Advanced search
  • Recent comments
  • Most popular
  • Libraries

Log in to your account

Log in with GOOGLE


If you do not have an external account, but do have a local account, you can still log in:

  1. Home
  2. MARC view: Elsevier's integrated immunology and microbiology /
Normal view MARC view ISBD view

Elsevier's integrated immunology and microbiology / (Record no. 22150)

[ view plain ]
MARC details
000 -LEADER
fixed length control field 00704nam a2200229 a 4500
005 - DATE AND TIME OF LATEST TRANSACTION
control field 20140310183353.0
008 - FIXED-LENGTH DATA ELEMENTS--GENERAL INFORMATION
fixed length control field 130406s19uu xx 00 eng d
020 ## - INTERNATIONAL STANDARD BOOK NUMBER
International Standard Book Number 9780323074476
050 ## - LIBRARY OF CONGRESS CALL NUMBER
Classification number QR 181
Item number .Ac258 2012
100 ## - MAIN ENTRY--PERSONAL NAME
Personal name Actor, Jeffrey K.
245 ## - TITLE STATEMENT
Title Elsevier's integrated immunology and microbiology /
Statement of responsibility, etc Jeffrey K. Actor.
250 ## - EDITION STATEMENT
Edition statement 2nd ed.
260 ## - PUBLICATION, DISTRIBUTION, ETC. (IMPRINT)
Place of publication, distribution, etc Philadelphia, PA :
Name of publisher, distributor, etc Elsvier / Saunder,
Date of publication, distribution, etc 2012.
300 ## - PHYSICAL DESCRIPTION
Extent 174 p. :
Other physical details ill. col. ;
Dimensions 28 cm.
440 ## - SERIES STATEMENT/ADDED ENTRY--TITLE
Title Integrated review immunology and microbiology
500 ## - GENERAL NOTE
General note Includes index
521 ## - TARGET AUDIENCE NOTE
Target audience note
650 ## - SUBJECT ADDED ENTRY--TOPICAL TERM
Topical term or geographic name as entry element Immune system phenomena
650 ## - SUBJECT ADDED ENTRY--TOPICAL TERM
Topical term or geographic name as entry element Microbiological phenomena
942 ## - ADDED ENTRY ELEMENTS (KOHA)
Koha item type Books
Source of classification or shelving scheme Library of Congress Classification
Call number prefix Foreign
Holdings
Withdrawn status Lost status Source of classification or shelving scheme Damaged status Home library Current library Shelving location Date acquired Cost, normal purchase price Total Checkouts Full call number Barcode Date last seen Copy number Price effective from Koha item type
    Library of Congress Classification   College Library College Library Reserve Section 03/26/2013 3396.00   QR 181 .Ac258 2012 C15769 10/30/2014 1 10/10/2013 Books

Elsevier's integrated immunology and microbiology /

APA

Actor J. K., . (2012). Elsevier's integrated immunology and microbiology. Philadelphia, PA: Elsvier / Saunder.

Chicago

Actor Jeffrey K, . 2012. Elsevier's integrated immunology and microbiology. Philadelphia, PA: Elsvier / Saunder.

Harvard

Actor J. K., . (2012). Elsevier's integrated immunology and microbiology. Philadelphia, PA: Elsvier / Saunder.

MLA

Actor Jeffrey K, . Elsevier's integrated immunology and microbiology. Philadelphia, PA: Elsvier / Saunder. 2012.

  • Place hold
  • Print
  • Cite
  • Add to your cart (remove)
  • Save record
    BIBTEX Dublin Core MARCXML MARC (non-Unicode/MARC-8) MARC (Unicode/UTF-8) MARC (Unicode/UTF-8, Standard) MODS (XML) RIS
  • More searches
    Search for this title in:
    Other Libraries (WorldCat) Other Databases (Google Scholar) Online Stores (Bookfinder.com) Open Library (openlibrary.org)

Exporting to Dublin Core...

SOUTHVILLE LIBRARY

Southville International School and Colleges Library

1281 Tropical Ave. Cor. Luxembourg St., BF Homes International, Las Pinas City

Tel. No. 8256374 / 252358 Loc. 117/146

Powered by Koha